Vindicación de la Inquisición y relación exacta de su modo de enjuiciar y proceder. (Record no. 167660)
[ view plain ]
| 000 -LEADER | |
|---|---|
| campo de control de longitud fija | 00665nam a2200169 i 4500 |
| 001 - NÚMERO DE CONTROL | |
| campo de control | 167660 |
| 003 - IDENTIFICADOR DE NÚMERO DE CONTROL | |
| campo de control | ES-MaACL |
| 005 - FECHA Y HORA DE LA ÚLTIMA TRANSACCIÓN | |
| campo de control | 20250831024533.0 |
| 008 - DATOS DE LONGITUD FIJA--INFORMACIÓN GENERAL | |
| campo de control de longitud fija | 961010s1812 sp |||| | spa d |
| 245 00 - MENCIÓN DEL TÍTULO | |
| Título | Vindicación de la Inquisición y relación exacta de su modo de enjuiciar y proceder. |
| 260 ## - PUBLICACIÓN, DISTRIBUCIÓN, ETC. | |
| Lugar de publicación, distribución, etc. | Cadiz : |
| Nombre del editor, distribuidor, etc. | [s.n.], |
| Fecha de publicación, distribución, etc. | 1812 ( |
| Fabricante | En la Imprenta de la Viuda de Comes) |
| 300 ## - DESCRIPCIÓN FÍSICA | |
| Extensión | 46, [1] p. ; |
| Dimensiones | 20 cm. |
| 650 #4 - PUNTO DE ACCESO ADICIONAL DE MATERIA--TÉRMINO DE MATERIA | |
| Término de materia o nombre geográfico como elemento de entrada | Inquisición- |
| Subdivisión geográfica | España- |
| Subdivisión cronológica | S.XIX. |
| 9 (RLIN) | 13800 |
| 650 #7 - PUNTO DE ACCESO ADICIONAL DE MATERIA--TÉRMINO DE MATERIA | |
| Término de materia o nombre geográfico como elemento de entrada | Iglesia y Estado- |
| Subdivisión geográfica | España- |
| Subdivisión cronológica | S.XIX |
| Fuente del encabezamiento o término | |
| 9 (RLIN) | 149103 |
| 852 ## - LOCALIZACIÓN | |
| Ubicación | ES-MaACL |
| Número de control de estantería | R-3098(2)) |
| Encuadernación | Olim:D-621 |
| Nota libre | - Enc. hol. |
| -- | .- Biblioteca de Salvador J. Trillo |
| Estatus retirado | Estado de pérdida | Estado de daño | No para préstamo | Colección | Biblioteca de origen | Biblioteca actual | Ubicación en estantería | Fecha de adquisición | Total de préstamos | Signatura topográfica completa | Código de barras | Visto por última vez | Precio de reemplazo | Tipo de ítem Koha |
|---|---|---|---|---|---|---|---|---|---|---|---|---|---|---|
| Libros del s. XIX | Biblioteca del Ateneo de Madrid | Biblioteca del Ateneo de Madrid | Depósito | 17/01/2008 | R-3098(2) | 1175894 | 23/02/2023 | 23/02/2023 | Libro impreso antiguo |
